<?xml version="1.0" encoding="UTF-8"?>
<marc:record xmlns:marc="http://www.loc.gov/MARC21/slim">
   <marc:leader>00000nam a2200000 a 4500</marc:leader>
   <marc:datafield ind1="1" ind2=" " tag="100">
      <marc:subfield code="a">Fauvel, Claire</marc:subfield>
      <marc:subfield code="4">aut</marc:subfield>
      <marc:subfield code="e">Verfasser/-in</marc:subfield>
   </marc:datafield>
   <marc:datafield ind1=" " ind2=" " tag="653">
      <marc:subfield code="a">Frauen</marc:subfield>
   </marc:datafield>
   <marc:datafield ind1=" " ind2=" " tag="653">
      <marc:subfield code="a">Comic</marc:subfield>
   </marc:datafield>
   <marc:datafield ind1=" " ind2=" " tag="653">
      <marc:subfield code="a">Mädchen</marc:subfield>
   </marc:datafield>
   <marc:datafield ind1=" " ind2=" " tag="653">
      <marc:subfield code="a">Gesellschaft</marc:subfield>
   </marc:datafield>
   <marc:datafield ind1=" " ind2=" " tag="653">
      <marc:subfield code="a">Asien</marc:subfield>
   </marc:datafield>
   <marc:datafield ind1="0" ind2="0" tag="245">
      <marc:subfield code="a">Phoolan Devi</marc:subfield>
   </marc:datafield>
   <marc:datafield ind1="0" ind2="0" tag="245">
      <marc:subfield code="b">Königin der Banditen</marc:subfield>
   </marc:datafield>
   <marc:datafield ind1=" " ind2="1" tag="264">
      <marc:subfield code="b">bahoe books</marc:subfield>
      <marc:subfield code="c">2020</marc:subfield>
   </marc:datafield>
   <marc:datafield ind1="1" ind2=" " tag="520">
      <marc:subfield code="a">Niemand konnte Phoolan Devis außergewöhnlichen Lebensweg voraussehen. Sie wurde 1963 in Nordindien in eine sehr niedrige Kaste geboren und von Kindheit an mit Armut, Gewalt und Ungerechtigkeit konfrontiert. Im Alter von 11 Jahren erfolgte die Zwangsheirat mit einem 35-jährigen Mann. Als er sie vergewaltigte, lief sie davon - zurück zu ihren Eltern. Das ganze Dorf verstieß sie jedoch, die Polizei verhaftete sie und missbrauchte sie erneut. Erlösung fand sie erst durch einen Überfall einer Banditenbande, der sie sich anschloss. Von diesem Moment an, bis zu ihrer Wahl in das indische Parlament 1996, hörte sie nicht mehr auf für Gerechtigkeit zu kämpfen und die Schwächsten zu schützen</marc:subfield>
   </marc:datafield>
</marc:record>
